000 00427nam a2200181Ia 4500
001 16803
005 20260306170338.0
008 260306t2002||||xx |||||||||||||| ||und||
041 _aESP
082 _a657
_bP43
100 _aPereira Soler, Fernando
_eAUT
245 0 _aContabilidad para dirección
260 _c2002
300 _a426 páginas :
_c23 cm.
650 _aGEN
654 _aCCO
942 _cLIB
_dJUS
_fJUS
_2ddc
_n
999 _c16803
_d16803